Personnalités francophones au hasard - Statistiques

Statistiques générales
  • Ce quiz a été pris 69 fois
  • Le résultat moyen est 6 sur 16
Statistiques - réponses
Par images Réponse % Correct
Rachida dati
85%
Fauve hautot
67%
Manon aubry
57%
Panayotis pascot
54%
Jacques legros
44%
Alice david
38%
Cedric grolet
38%
Vassili schneider
38%
Caroline margeridon
30%
Ana girardot
28%
Miou miou
28%
Francis perrin
23%
Julien granel
23%
Karima charni
18%
Manon azem
16%
Solann
15%
Aucun quiz correspondant
Distribution des résultats
% des personnes avec chaque résultat
Percentile par nombre de réponses
Votre historique - résultats
Vous n’avez pas pris ce quiz